| 000 | 00658nam a2200253Ia 4500 | ||
|---|---|---|---|
| 003 | OSt | ||
| 005 | 20220912151755.0 | ||
| 006 | a|||||r|||| 00| 0 | ||
| 007 | ta | ||
| 008 | 220909b |||||||| |||| 00| 0 eng d | ||
| 024 | _a38319 | ||
| 037 | _cTextual | ||
| 040 |
_aCSL _beng _cCSL |
||
| 041 | _aeng | ||
| 082 | _aG:6x, J0;2 | ||
| 100 | _aDarlington C D | ||
| 245 | 0 | _aGenes, plants and people: Essays on genetics | |
| 260 |
_aLondon _bGeorge Allen and Unwin _c1950 |
||
| 300 |
_a187p. _ccm. |
||
| 650 | _aGenetics | ||
| 700 | _a Mather K | ||
| 942 |
_hG:6x, J0;2 _cTEXL _2CC |
||
| 999 |
_c75054 _d75054 |
||